Statistics for Buffalo Sabres 2019 roster

Click here to take the quiz!

General Stats

  • This quiz has been taken 42 times
  • The average score is 16 of 23

Answer Stats

HintAnswer% Correct
#9Eichel
100%
#35Ullmark
94%
#40Hutton
91%
#21Okposo
91%
#26Dahlin
88%
#23Reinhart
88%
#53Skinner
84%
#28Girgensons
78%
#55Ristolainen
78%
#72Thompson
78%
#37Mittelstadt
75%
#62Montour
75%
#22Larsson
69%
#43Sheary
66%
#6Scandella
63%
#4Bogosian
56%
#29Pominville
53%
#71Rodrigues
50%
#19McCabe
47%
#17Sobotka
47%
#48Hunwick
34%
#8Nelson
34%
#20Wilson
28%

Score Distribution

Percentile by Number Answered

Percent of People with Each Score

Your Score History

You have not taken this quiz